Musical Artists at the Las Vegas Sphere ⚪️ - Statistics

General Stats
  • This quiz has been taken 11 times
  • The average score is 4 of 8
Answer Stats
Shows Genre Hint Musical Artist % Correct
53 Boy band "Shape of My Heart" Backstreet Boys
82%
40 Alternative rock "Mysterious Ways" U2
82%
24 Heavy metal "Sad but True" Metallica
64%
48 Jam band "Friend of the Devil" Dead & Company
45%
64 Country rock "Already Gone" Eagles
45%
18 Ska punk "Simple Kind of Life" No Doubt
36%
13 Jam band "Down with Disease" Phish
36%
25 Country "Living in Fast Forward" Kenny Chesney
27%
No matching quizzes found
Score Distribution
Percent of People with Each Score
Percentile by Number Answered
Your Score History
You have not taken this quiz